Calculus : (Record no. 16189)

MARC details
000 -LEADER
fixed length control field 01279cam a22003495i 4500
001 - CONTROL NUMBER
control field 16274907
003 - CONTROL NUMBER IDENTIFIER
control field EG-ScBUE
005 - DATE AND TIME OF LATEST TRANSACTION
control field 20241007100116.0
008 - FIXED-LENGTH DATA ELEMENTS--GENERAL INFORMATION
fixed length control field 100609t20122012nyua frb 001 0 eng d
020 ## - INTERNATIONAL STANDARD BOOK NUMBER
International Standard Book Number 0071316566
020 ## - INTERNATIONAL STANDARD BOOK NUMBER
International Standard Book Number 9780071316569
020 ## - INTERNATIONAL STANDARD BOOK NUMBER
International Standard Book Number 9780077134747 (out USA)
040 ## - CATALOGING SOURCE
Original cataloging agency DLC
Language of cataloging eng
Description conventions rda
Transcribing agency DLC
Modifying agency DLC
-- EG-ScBUE
-- EG-ScBUE
082 04 - DEWEY DECIMAL CLASSIFICATION NUMBER
Classification number 515
Item number SMI
Edition number 22
100 1# - MAIN ENTRY--PERSONAL NAME
Personal name Smith, Robert T.
Fuller form of name (Robert Thomas),
Dates associated with a name 1955-
Relator term author.
9 (RLIN) 27707
245 10 - TITLE STATEMENT
Title Calculus :
Name of part/section of a work early transcendental functions /
Statement of responsibility, etc Robert T. Smith, Millersville University of Pennsylvania, Roland B. Minton, Roanoke College.
250 ## - EDITION STATEMENT
Edition statement Fourth edition.
250 ## - EDITION STATEMENT
Edition statement McGraw-Hill international edition.
264 #1 - PUBLICATION, DISTRIBUTION, ETC. (IMPRINT)
Place of publication, distribution, etc New York :
Name of publisher, distributor, etc McGraw-Hill,
Date of publication, distribution, etc [2012]
264 #4 - PUBLICATION, DISTRIBUTION, ETC. (IMPRINT)
Date of publication, distribution, etc c2012
300 ## - PHYSICAL DESCRIPTION
Extent 1 volume (various pagings) :
Other physical details illustrations (color) ;
Dimensions 28 cm
336 ## - CONTENT TYPE
Content type term text
Content type code txt
Source rdacontent
337 ## - MEDIA TYPE
Media type term unmediated
Media type code n
Source rdamedia
338 ## - CARRIER TYPE
Carrier type term volume
Carrier type code nc
Source rdacarrier
504 ## - BIBLIOGRAPHY, ETC. NOTE
Bibliography, etc Includes bibliographical references and index.
650 #7 - SUBJECT ADDED ENTRY--TOPICAL TERM
Topical term or geographic name as entry element Calculus
Form subdivision Textbooks.
Source of heading or term BUEsh
9 (RLIN) 19913
651 ## - SUBJECT ADDED ENTRY--GEOGRAPHIC NAME
Source of heading or term BUEsh
653 ## - INDEX TERM--UNCONTROLLED
Resource For college BAEPS, Business Administration
Arrived date list November2011
-- October2012
-- October2016
-- December2017
-- August2020
655 ## - INDEX TERM--GENRE/FORM
Form subdivision Reading book
700 1# - ADDED ENTRY--PERSONAL NAME
Personal name Minton, Roland B.,
Dates associated with a name 1956-
Relator term author.
9 (RLIN) 27709
942 ## - ADDED ENTRY ELEMENTS (KOHA)
Source of classification or shelving scheme Dewey Decimal Classification
Koha item type Book - Borrowing
Holdings
Withdrawn status Lost status Source of classification or shelving scheme Materials specified (bound volume or other part) Damaged status Not for loan Collection code Home library Current library Shelving location Date acquired Source of acquisition Total Checkouts Full call number Barcode Date last seen Koha item type Total Renewals Date checked out Price effective from Checked out Cost, normal purchase price
    Dewey Decimal Classification BOX04 Damaged   Baccah Central Library Central Library First floor 02/11/2011     515 SMI 000025563 24/08/2016 NB - Book (Non borrowing)          
    Dewey Decimal Classification       Baccah Central Library Central Library First floor 02/11/2011   23 515 SMI 000044540 15/07/2025 Book - Borrowing 42 07/12/2022      
    Dewey Decimal Classification BOX07 Damaged   Baccah Central Library Central Library First floor 02/11/2011   8 515 SMI 000025565 09/11/2014 Book - Borrowing 8 11/10/2014 02/11/2011    
    Dewey Decimal Classification       Baccah Central Library Central Library First floor 02/11/2011   6 515 SMI 000025566 15/07/2025 Book - Borrowing 32 02/10/2022 02/11/2011    
    Dewey Decimal Classification       Baccah Central Library Central Library First floor 02/11/2011   17 515 SMI 000025567 15/07/2025 Book - Borrowing 33 12/04/2016      
  Lost Dewey Decimal Classification Lost In Inventory_2015-8-23     Baccah Central Library Central Library First floor 02/11/2011   7 515 SMI 000025568 09/11/2014 Book - Borrowing 3 29/10/2014 02/11/2011    
    Dewey Decimal Classification       Baccah Central Library Central Library First floor 04/10/2012   11 515 SMI 000027614 29/09/2015 Book - Borrowing 64 29/09/2015 04/10/2012 29/10/2015  
    Dewey Decimal Classification BOX07 Damaged   Baccah Central Library Central Library First floor 04/10/2012   10 515 SMI 000027615 18/08/2021 Book - Borrowing 49 14/12/2014 04/10/2012    
    Dewey Decimal Classification       Baccah Central Library Central Library First floor 09/10/2016 Purchase 15 515 SMI 000033883 12/05/2026 Book - Borrowing 92 18/03/2026     350.00
    Dewey Decimal Classification       Baccah Central Library Central Library First floor 09/10/2016 Purchase 14 515 SMI 000033884 11/10/2025 Book - Borrowing 46 28/09/2025 09/10/2016    
    Dewey Decimal Classification       Baccah Central Library Central Library First floor 09/10/2016 Purchase 11 515 SMI 000033885 29/03/2026 Book - Borrowing 43 18/03/2026 09/10/2016    
    Dewey Decimal Classification       Baccah Central Library Central Library First floor 09/10/2016 Purchase 12 515 SMI 000033886 11/02/2026 Book - Borrowing 72 07/10/2025 09/10/2016    
    Dewey Decimal Classification       Baccah Central Library Central Library First floor 09/10/2016 Purchase 1 515 SMI 000033887 15/07/2025 NB - Book (Non borrowing) 13 22/12/2016      
    Dewey Decimal Classification       Donation-Gift Central Library Central Library First floor 06/12/2017 Donation 3 515 SMI 000042604 27/09/2022 Book - Borrowing 11 27/09/2022   24/10/2022  
    Dewey Decimal Classification         Central Library Central Library First floor 03/04/2018 Donation 5 515 SMI 000047556 11/10/2025 Book - Borrowing 91 23/09/2024      
    Dewey Decimal Classification       unknown Central Library Central Library First floor 30/08/2020 Purchase 2 515 SMI 000049593 15/07/2025 Book - Borrowing 23 23/09/2023 30/08/2020